| 000 | 00535nam a2200181 a 4500 | ||
|---|---|---|---|
| 005 | 20140414093826.0 | ||
| 008 | 080522s19uu xx 00 eng d | ||
| 020 | _a9710860844 | ||
| 050 |
_aTR 220.61 _bB17 1998 |
||
| 100 | _aBaker, Kenneth | ||
| 245 |
_aInside the Bible : _ban introduction to each book of the Bible / _cKenneth Baker. |
||
| 260 |
_aSan Francisco : _bIgnatius Press, _cc1998. |
||
| 300 | _a373 p. ; cm. | ||
| 500 | _aBibliography: p. 373. | ||
| 650 |
_aBible _xIntroductions. |
||
| 942 | _cAVM | ||
| 999 |
_c108465 _d108465 |
||